000 00233 a2200097 4500
001 24721
100 _aPankhurst, R C
245 _aDimensional Analysis and Scale Factors.
260 _a
_bChapman & Hall
_c1964
090 _c16693
_d16693
942 _aNUST-CAE
_cM
_c7439
999 _c259794
_d259794